Remedial engineering for closed landfill sites (Record no. 101829)

MARC details
000 -LEADER
fixed length control field 00619cam a2200241 4500
008 - FIXED-LENGTH DATA ELEMENTS--GENERAL INFORMATION
fixed length control field 020109n2001 000 0 eng u
020 ## - INTERNATIONAL STANDARD BOOK NUMBER
International Standard Book Number 086017557X
035 ## - SYSTEM CONTROL NUMBER
System control number (Sirsi) u116200
050 ## - LIBRARY OF CONGRESS CALL NUMBER
Classification number 624.1
100 ## - MAIN ENTRY--PERSONAL NAME
Personal name Barry, D.
245 ## - TITLE STATEMENT
Title Remedial engineering for closed landfill sites
260 ## - PUBLICATION, DISTRIBUTION, ETC.
Place of publication, distribution, etc. London
Name of publisher, distributor, etc. CIRIA
Date of publication, distribution, etc. 2001
300 ## - PHYSICAL DESCRIPTION
Extent 266p. ; 30cm.
350 ## - PRICE (NR) (BK AM CF MU VM SE) [OBSOLETE]
Price 50.00
490 ## - SERIES STATEMENT
Series statement CIRIA Publication
Volume/sequential designation C557
650 ## - SUBJECT ADDED ENTRY--TOPICAL TERM
Topical term or geographic name entry element ENGINEERING
650 ## - SUBJECT ADDED ENTRY--TOPICAL TERM
Topical term or geographic name entry element LANDFILL SITES
650 ## - SUBJECT ADDED ENTRY--TOPICAL TERM
Topical term or geographic name entry element BUILT ENVIRONMENT
650 ## - SUBJECT ADDED ENTRY--TOPICAL TERM
Topical term or geographic name entry element CONTAMINATED LAND
690 ## - LOCAL SUBJECT ADDED ENTRY--TOPICAL TERM (OCLC, RLIN)
Topical term or geographic name as entry element BUILT ENVIRONMENT
700 ## - ADDED ENTRY--PERSONAL NAME
Personal name Summersgill, I.
942 ## - ADDED ENTRY ELEMENTS (KOHA)
Suppress in OPAC 0
Holdings
Withdrawn status Lost status Source of classification or shelving scheme Damaged status Not for loan Home library Current library Shelving location Date acquired Cost, normal purchase price Total Checkouts Full call number Barcode Date last seen Date last checked out Copy number Cost, replacement price Price effective from Koha item type Public note
    Dewey Decimal Classification     London London Folio 09/01/2002 50.00 2 CIRIA REPORTS 30065297 27/02/2024 21/02/2002 1 50.00 06/08/2019 Book Report 557